Văn học Mỹ

Guardat en:
Dades bibliogràfiques
Autor principal: Lê, Huy Bắc
Format: Llibre
Idioma:Undetermined
Publicat: Hà Nội Nxb. Đại học Sư phạm 2014
Matèries:
Etiquetes: Afegir etiqueta
Sense etiquetes, Sigues el primer a etiquetar aquest registre!
Thư viện lưu trữ: Trung tâm Học liệu Trường Đại học Cần Thơ
LEADER 00543nam a2200181Ia 4500
001 CTU_224244
008 210402s9999 xx 000 0 und d
020 |c 89000 
082 |a 810.9 
082 |b B113 
100 |a Lê, Huy Bắc 
245 0 |a Văn học Mỹ 
245 0 |c Lê Huy Bắc ; Đặng Anh Đào (Giới thiệu) 
260 |a Hà Nội 
260 |b Nxb. Đại học Sư phạm 
260 |c 2014 
650 |a Văn học Mỹ,American literature 
980 |a Trung tâm Học liệu Trường Đại học Cần Thơ